The top 200 international design firms (Record no. 70889)

MARC details
000 -LEADER
fixed length control field 00883cam a2200229 4500
001 - CONTROL NUMBER
control field ABS65679
008 - FIXED-LENGTH DATA ELEMENTS--GENERAL INFORMATION
fixed length control field 020805n2002 000 0 eng u
035 ## - SYSTEM CONTROL NUMBER
System control number (Sirsi) u119171
100 ## - MAIN ENTRY--PERSONAL NAME
Personal name Reina, P
245 #4 - TITLE STATEMENT
Title The top 200 international design firms
260 ## - PUBLICATION, DISTRIBUTION, ETC.
Date of publication, distribution, etc. 2002
490 ## - SERIES STATEMENT
Series statement Engineering News Record
Volume/sequential designation 249(4) 22 July 2002, 26-43 (16)
520 ## - SUMMARY, ETC.
Summary, etc. Rankings of the top 200 international design firms ranked according to revenue for design services performed on projects outside the firm's home country in 2001 in US$ millions. Tables by revenue; alphabetically; by home country; by country worked in; design subsidiaries listed by rank. Commentary. Tables.
590 ## - LOCAL NOTE (RLIN)
Local note ABS
650 ## - SUBJECT ADDED ENTRY--TOPICAL TERM
Topical term or geographic name entry element ARCHITECTS
650 ## - SUBJECT ADDED ENTRY--TOPICAL TERM
Topical term or geographic name entry element PLANNERS
650 ## - SUBJECT ADDED ENTRY--TOPICAL TERM
Topical term or geographic name entry element ENGINEERS
650 ## - SUBJECT ADDED ENTRY--TOPICAL TERM
Topical term or geographic name entry element RANKINGS
690 ## - LOCAL SUBJECT ADDED ENTRY--TOPICAL TERM (OCLC, RLIN)
Topical term or geographic name as entry element BUILT ENVIRONMENT-CONSTRUCTION DESIGN
700 ## - ADDED ENTRY--PERSONAL NAME
Personal name Tulacz, G.J.
942 ## - ADDED ENTRY ELEMENTS (KOHA)
Suppress in OPAC 0
Holdings
Withdrawn status Lost status Source of classification or shelving scheme Damaged status Not for loan Home library Current library Shelving location Date acquired Total Checkouts Full call number Barcode Date last seen Copy number Price effective from Koha item type
    Dewey Decimal Classification     London London Journal article 05/08/2002   ABS65679 119171-1001 06/08/2019 1 06/08/2019 Journal article